000 00820nam a2200229Ia 4500
003 GCL
008 140319s9999 xx 000 0 ara d
040 _aGCL /
_cGCL
082 0 4 _a781.91
_bم ع
100 1 _aمحمود احمد الحفنى
245 1 0 _aعلم الالات الموسيقية /
_cمحمود احمد الحفنى
260 _a[S.N] :
_bالهيئة المصرية العامة للكتاب ،
_c1987
300 _a284 ص
490 _a
650 0 4 _aالموسيقى
650 0 4 _aالالات الموسيقية الالكترونية
650 0 4 _aالالات الموسيقية
650 0 4 _aالالات الموسيقية الوترية
650 0 4 _aالالات الموسيقية العربية
650 0 4 _aالالات الموسيقية النحاسية
942 _2ddc
_cBK
999 _c58515
_d58515